Winter of discontent (Record no. 113579)

MARC details
000 -LEADER
fixed length control field 00758cad a22002175a 4500
001 - CONTROL NUMBER
control field L155447
008 - FIXED-LENGTH DATA ELEMENTS--GENERAL INFORMATION
fixed length control field 120323s2012 xxk f s000 0 eng d
035 ## - SYSTEM CONTROL NUMBER
System control number (Sirsi) u155447
041 0# - LANGUAGE CODE
Language code of text/sound track or separate title eng
110 2# - MAIN ENTRY--CORPORATE NAME
Corporate name or jurisdiction name as entry element Turner and Townsend
9 (RLIN) 5813
245 00 - TITLE STATEMENT
Title Winter of discontent
Medium [electronic resource]
260 ## - PUBLICATION, DISTRIBUTION, ETC.
Place of publication, distribution, etc. [S.l.]
Name of publisher, distributor, etc. Turner and Townsend plc
Date of publication, distribution, etc. 2011
490 #0 - SERIES STATEMENT
Series statement UK Market Intelligence
Volume/sequential designation Winter 2011/12
520 ## - SUMMARY, ETC.
Summary, etc. Economic overview of the construction industry in the UK.
590 ## - LOCAL NOTE (RLIN)
Local note KA NTK
651 #4 - SUBJECT ADDED ENTRY--GEOGRAPHIC NAME
Geographic name United Kingdom
Chronological subdivision
690 ## - LOCAL SUBJECT ADDED ENTRY--TOPICAL TERM (OCLC, RLIN)
Topical term or geographic name as entry element Construction management
9 (RLIN) 6230
690 ## - LOCAL SUBJECT ADDED ENTRY--TOPICAL TERM (OCLC, RLIN)
Topical term or geographic name as entry element Cost management
9 (RLIN) 6233
856 40 - ELECTRONIC LOCATION AND ACCESS
Uniform Resource Identifier <a href="https://www.turnerandtownsend.com/UK-market-winter.html">https://www.turnerandtownsend.com/UK-market-winter.html</a>
Public note View the report free of charge at www.turnerandtownsend.com
942 ## - ADDED ENTRY ELEMENTS (KOHA)
Suppress in OPAC 0
Holdings
Withdrawn status Lost status Source of classification or shelving scheme Damaged status Not for loan Home library Current library Shelving location Date acquired Total Checkouts Full call number Barcode Date last seen Copy number Price effective from Koha item type
    Dewey Decimal Classification     Virtual Virtual Online 23/03/2012   ONLINE PUBLICATION 155447-2001 06/08/2019 1 06/08/2019 Book